| 000 | 00903nam a2200121Ia 4500 | ||
|---|---|---|---|
| 008 | 220615s9999||||xx |||||||||||||| ||und|| | ||
| 100 | _aAffolter, Laura | ||
| 245 | 0 |
_aAsylum Matters _bOn the Front Line of Administrative Decision-Making |
|
| 546 | _aEnglish[eng] | ||
| 650 | _aHuman Rights and Crime||Criminal Justice||Migration||Human Geography||Human Rights||Social Justice, Equality and Human Rights||Socio-Legal Studies||Biotechnology||socio-legal||borders||bureaucracy||at the heart of the state||asylum procedure||asylum decision-making||law and discretion||Open Access||Crime & criminology||Human rights, civil rights||Criminal justice law||Migration, immigration & emigration||Politics & government | ||
| 856 | _uhttps://library.oapen.org/bitstream/20.500.12657/43293/1/2021_Book_AsylumMatters.pdf||https://library.oapen.org/bitstream/20.500.12657/43293/1/2021_Book_AsylumMatters.pdf | ||
| 942 | _cEB | ||
| 999 |
_c8537 _d8537 |
||